LEADER 01426nam a2200313 i 4500 001 000000107305 003 CaOOAMICUS 005 20150910144703.0 008 071002s1968 it 000 u ita c 040 $aPUG$bita$dPUL$dLDB 041 1 $aita$hger 100 1 $aBöckle, Franz,$d1921-$0(OLS)http://pul/name/26296 240 10$aGrundbegriffe der Moral$lItaliano.$0(OLS)http://pul/title/135121 245 12$aI concetti fondamentali della morale /$cFranz Böckle ; traduzione ed editoriale di Liborio Asciutto. 260 $aBrescia :$bQueriniana,$cc1968. 300 $a166 p.$c20 cm 490 1 $aMorale e pastorale ;$v012 504 $aIndicazioni bibliografiche: p. 161 650 04$aTeologia morale$xManuali, compendi, ecc.$0(OLS)http://pul/subject/21415 700 1 $aAsciutto, Liborio.$0(OLS)http://pul/name/32424 830 0$aMorale e pastorale ;$v012.$0(OLS)http://pul/title/62951 850 $aPUL 852 $aPUL$W1$xSL Religione 1$y3$m38 B 38$j121932$qStampati$B120920$CPULBib$Z2$F120920 $H29754 $82 852 $aPUL$W1$xDP1 Fondo S. Lanza$y121$m3 M 26$j168392$qFondi$B168994$CPULBib$Z2$F168994 $HLAN1692 $82 941 1 $a8 941 1 $a1 961 $aNota ms. di possesso: Sergio Lanza 996 $6245$aI concetti fondamentali della morale$9(OLS)http://pul/title/135122 996 $6260$aBrescia :$bQueriniana$9(OLS)http://pul/publisher/47906 LEADER 02474nam a2200469 a 4500 001 000000135867 003 CaOOAMICUS 005 20131122122040.0 008 131021s2013 it af u000 u ita r 020 $a978-88-382-4212-0 040 $aPUL$bita 082 04$a282.092 100 0 $aIohannes PP.$bXXIII,$cs.,$d1881-1963.$0(OLS)http://pul/name/11555 245 10$aLettere di fede e amicizia :$bcorrispondenza inedita (1925-1963) /$cAngelo Giuseppe Roncalli (Giovanni XXIII), Giovanni Battista Montini (Paolo VI) ; a cura di Loris F. Capovilla e Marco Roncalli. 260 $aBrescia :$bIstituto Paolo VI ;$aRoma :$bStudium,$c2013. 300 $aXXXVIII, 310 p., [6] c. di tav. :$bill. ;$c24 cm 490 1 $aQuaderni dell'Istituto ;$v32 600 04$aIohannes PP.$bXXIII,$cs.,$d1881-1963$xCorrispondenza.$0(OLS)http://pul/subject/31727 600 04$aPaulus PP.$bVI, s.,$d1897-1978$xCorrispondenza.$0(OLS)http://pul/subject/39837 700 1 $aRoncalli, Marco.$0(OLS)http://pul/name/45130 700 1 $aCapovilla, Loris Francesco,$ccardinale,$d1915-2016.$0(OLS)http://pul/name/12278 700 0 $aPaulus PP.$bVI,$cs.,$d1897-1978.$0(OLS)http://pul/name/1432 830 0$aQuaderni dell'Istituto Paolo VI ;$v32.$0(OLS)http://pul/title/7485 850 $aPUL 852 $aPUL$W1$xFondo C.V.II$y119$mBIO 16$j157074$qFondi$B156564$CPULBib$Z2$F156564 $HCVII106 $82 852 $aPUL$W1$xSL Religione 3$y85$m282. 092 CAPLO 1$j156690$qDDC 21$B156031$CPULBib$Z2$F156031 $H123056 $82 900 $aRoncalli, Angelo Giuseppe,$cs.,$d1881-1963$911555 900 $aGiovanni$bXXIII,$cpapa, s.,$d1881-1963$911555 900 $aMontini, Giovanni Battista,$cs.,$d1897-1978$91432 900 $aPaolo$bVI,$cpapa, b.,$d1897-1978$91432 910 $aPapi (1958-1963 : Iohannes PP. XXIII)$911555 910 $aPapi (1958-1963 : Iohannes PP. XXIII)$911555 910 $aPapi (1963-1978 : Paulus PP. VI)$91432 910 $aPapi (1963-1978 : Paulus PP. VI)$91432 941 1 $a1 941 1 $a9 996 $6020$a978-88-382-4212-0$9(OLS)http://pul/number/153777 996 $6082$a282.092$9(OLS)http://pul/classification/402 996 $6245$aLettere di fede e amicizia :$bcorrispondenza inedita (1925-1963)$9(OLS)http://pul/title/171770 996 $6260$aBrescia :$bIstituto Paolo VI$9(OLS)http://pul/publisher/50785 996 $6260$aRoma :$bStudium$9(OLS)http://pul/publisher/47892